| 000 | 00432nam a2200157 a 4500 | ||
|---|---|---|---|
| 001 | 5764 | ||
| 003 | CDMR | ||
| 005 | 20130930134737.0 | ||
| 008 | 130130s ||||||||||||||||||||||||||||d | ||
| 040 |
_aCDMR _bcat _cCDMR |
||
| 245 | 3 |
_aLa proyección cinematográfica por televisión _b; Los telecines |
|
| 260 |
_bInstituto Oficial de Radio y Televisión _a[s.l] _c[1982] |
||
| 300 | _a34 p. | ||
| 490 | 0 |
_aMonografia _vM9 |
|
| 942 |
_cMON _2udc |
||
| 999 |
_c5764 _d5764 |
||